Thông tin sợi quang
Giới thiệu hệ thống thông tin liên quan tới sợi quang, máy phát quang, máy thu quang, hệ thống ghép kênh quang theo bước sóng và thiết kế hệ thống thông tin sợi quang
Enregistré dans:
| Auteur principal: | |
|---|---|
| Format: | Livre |
| Langue: | Vietnamese |
| Publié: |
H.
Giáo dục
2010
|
| Sujets: | |
| Tags: |
Ajouter un tag
Pas de tags, Soyez le premier à ajouter un tag!
|
| Thư viện lưu trữ: | Mạng thư viện Đại học Đà Nẵng |
|---|
| LEADER | 01316nam a2200361 4500 | ||
|---|---|---|---|
| 001 | 000008144 | ||
| 003 | 4328 | ||
| 005 | 20111014091017.0 | ||
| 008 | 111014s2010 viesd | ||
| 020 | |c 45000đ | ||
| 041 | 0 | |a vie | |
| 082 | |a 621.38275 |b NG-T | ||
| 100 | 0 | |a Nguyễn Văn Tuấn | |
| 245 | 0 | |a Thông tin sợi quang |c Nguyễn Văn Tuấn | |
| 260 | |a H. |b Giáo dục |c 2010 | ||
| 300 | |a 219tr. |c 24cm | ||
| 504 | |a Thư mục: tr. 211-214 | ||
| 520 | |a Giới thiệu hệ thống thông tin liên quan tới sợi quang, máy phát quang, máy thu quang, hệ thống ghép kênh quang theo bước sóng và thiết kế hệ thống thông tin sợi quang | ||
| 653 | |a Thiết kế | ||
| 653 | |a Hệ thống thông tin | ||
| 653 | |a Sợi quang | ||
| 700 | |a Nguyễn Văn Tuấn |e Tác giả | ||
| 910 | |a MPhuong |d 14/10/2011 | ||
| OWN | |a LSP | ||
| AVA | |a UDN50 |b LSP |d 621.38275 NG-T |e check_holdings |t Error 5003 Not defined in file expand_doc_bib_avail. |h N |k 1 | ||
| 999 | |a From the UDN01 | ||
| AVA | |a UDN50 |b LSP |d 621.38275 NG-T |e available |t Error 5001 Not defined in file expand_doc_bib_avail. |f 94 |g 0 |h N |i 14 |k 1 | ||
| TYP | |a Monograph | ||
| TYP | |a Printed language | ||
| 980 | |a Mạng thư viện Đại học Đà Nẵng | ||